| 000 | 01202cam a2200217 4500 | ||
|---|---|---|---|
| 001 | ABS66511 | ||
| 008 | 030401n2003 000 0 eng u | ||
| 035 | _a(Sirsi) u121844 | ||
| 100 | _aChoat, R. | ||
| 245 | _aGrowing pains - no more squabbling, please | ||
| 260 | _c2003 | ||
| 490 |
_aConstruction Law Bulletin _v March 2003, 11-14(4) |
||
| 520 | _aUses a series of cases and examples to illustrate how adjudication has developed in the five years since its introduction under the Housing Grants, Construction and Regeneration Act 1996 (the Construction Act 1996). Examples used are whether an employer's termination is a good reason for withholding payment and when an employer is entitled to withhold liquidated damages. Concludes that adjudication still has various problems to overcome, but it should be able to override these. | ||
| 590 | _aABS | ||
| 650 | _aMANAGEMENT-DISPUTE AVOIDANCE, MANAGEMENT AND RESOLUTION-DISPUTE MANAGEMENT AND RESOLUTION-ALTERNATIVE DISPUTE RESOLUTION-ADJUDICATION | ||
| 650 | _aHOUSING GRANTS, CONSTRUCTION AND REGENERATION ACT 1996 | ||
| 650 | _aLIQUIDATED DAMAGES | ||
| 650 | _aWITHHOLDING PAYMENT | ||
| 690 |
_aDispute resolution _96236 |
||
| 942 | _n0 | ||
| 999 |
_c72404 _d72404 |
||